Представление документа в формате RUSMARC

ПолеНазваниеЗначение
  Тип записи a
  Библиографический уровень a
001 Контрольный номер RU/УОНБ/EK_Kray/469304838
005 Дата корректировки 20240131004844.5
100 Данные общей обработки __
a Данные общей обработки 20141114d2014 ||| 0rusy0189 ca
101 Язык документа 0_
a Язык текста rus
102 Страна публикации __
a Страна публикации RU
105 Кодированные данные (монография) __
a Кодированные данные (монография) y###||||000|y
200 Заглавие и сведения об ответственности 1_
a Заглавие Спасенные от войны
e Сведения, относящиеся к заглавию Новомайнский детдом дал кров детям из блокадного Ленинграда и оккупированной Белоруссии
f Первые сведения об ответственности Алексей Хорошилов
215 Физическое описание __
c Иллюстрации/тип воспроизводства 3 фот.
330 Аннотация __
a Аннотация В январе 1942 г. был создан детский дом в Новой Майне, просуществовавший 11 лет. Жители села создали проект "Спасенные дети войны".
461 Уровень набора _0
1 2000
a Ульяновская правда
1 011
463 Уровень физической единицы _0
1 001RU/УОНБ/EK_Kray/469297456
1 2000
a 3 июня
v С. 11.
1 210
d 2014
607 Географические рубрики __
a Географическое наименование Новая Майна, село
610 Ключевые слова 0_
a Ключевые слова Великая Отечественная война 1941-1945 гг.
610 Ключевые слова 0_
a Ключевые слова детские дома
610 Ключевые слова 0_
a Ключевые слова эвакуированные дети
686 Индексы других классификаций __
a Классификационный индекс 63.372.2
2 Код системы rubbk
700 Автор _1
a Фамилия Хорошилов
b Имя (инициалы) А.
g Полное личное имя Алексей
4 Код отношения 070
801 Источник записи _0
a Страна RU
b Организация Ульяновская ОНБ
c Дата составления 20141114
g Правила каталогизации RCR
801 Источник записи _1
a Страна RU
b Организация Ульяновская ОНБ
c Дата составления 20141114
g Правила каталогизации RCR
901 Тип документа __
t Тип документа b
w Контрольный № источника RU/УОНБ/EK_Kray/469297456
909 Создатель записи __
a Создатель записи Морозова Н.А.
938 Служебная информация __
a Имя БД kraeved_work
b Имя библиотеки УОНБ
c Имя АИБС МАРК-SQL
d Номер DOC_ID в БД 107991